00683nam a2200181 a 450000100100000000500170001000800410002704000250006808200260009310000290011924500710014826000640021930000210028365000280030465000310033295201230036399900150048600000914620240412074210.0090928s1943 dr 000 p spa d aDO-SdBNPbspacBNPHU aRD861.3bP433ca, 19431 aPerdomo, Apolinar92381710aCantos de Apolo /cApolinar Perdomo; prólogo J. Tomás Mejía. aCiudad Trujillo, República Dominicana :bMontalvo,c1943. a165 p. ;c22 cm. 0aPoesía dominicana966 0aLiteratura dominicana.967 001050718RVaPDbPDcHDd2009-09-28iLF1l0oRD861.3 P433ca, 1943p9146-10r2020-06-25w2020-06-25y1ZNo se presta c8910d8910